Poklady sbírek /

Main Author: Patková, Lenka
Corporate Author: Regionální muzeum a galerie (Jičín, Česko)
Other Authors: Sloupová, Andrea, Košíček, Jan, Mlázovský, Jan
Language: Czech
Published: V Jičíně : Regionální muzeum a galerie, 2016
Subjects:
Physical Description: 132 stran : ilustrace (převážně barevné) ; 25 cm
Book
Saved in:
LEADER 02704nam a2200721 i 4500
001 nkc20172876105
003 CZ PrNK
005 20170308143418.0
007 ta
008 170202s2016 xr a e c 000 0dcze
020 |a 978-80-87486-06-1  |q (brožováno) 
040 |a ABA001  |b cze  |e rda 
043 |a e-xr---  |b e-xr-kr  |2 czenas 
045 |a w6y0 
072 7 |a 75  |x Malířství  |2 Konspekt  |9 21 
080 |a 75.071.1  |2 MRF 
080 |a 75(437.3)  |2 MRF 
080 |a 75.036/.038  |2 MRF 
080 |a 72/76:069  |2 MRF 
080 |a 72/76:069.5  |2 MRF 
080 |a (437.3)  |2 MRF 
080 |a (437.313)  |2 MRF 
080 |a (083.82)  |2 MRF 
080 |a (0:82-94)  |2 MRF 
100 1 |a Patková, Lenka  |7 jo2012693960  |4 aut 
245 1 0 |a Poklady sbírek /  |c Lenka Patková, Andrea Sloupová ; foto: Jan Košíček, Jan Mlázovský 
246 1 4 |a Poklady sbírky :  |b Regionální muzeum a galerie v Jičíně 
264 1 |a V Jičíně :  |b Regionální muzeum a galerie,  |c 2016 
300 |a 132 stran :  |b ilustrace (převážně barevné) ;  |c 25 cm 
336 |a text  |b txt  |2 rdacontent 
337 |a bez média  |b n  |2 rdamedia 
338 |a svazek  |b nc  |2 rdacarrier 
500 |a 400 výtisků 
504 |a Obsahuje bibliografické odkazy 
610 2 7 |a Regionální muzeum a galerie (Jičín, Česko)  |7 kn20050405009  |2 czenas 
648 4 |a 1860-2004 
648 7 |a 19.-21. století  |7 ch757016  |2 czenas 
650 0 7 |a malíři  |7 ph122596  |z Česko  |y 19.-21. století  |2 czenas 
650 0 7 |a české malířství  |7 ph116864  |y 19.-21. století  |2 czenas 
650 0 7 |a moderní malířství  |7 ph122940  |z Česko  |2 czenas 
650 0 7 |a galerie  |7 ph120462  |z Česko  |2 czenas 
650 0 7 |a umělecké sbírky  |7 ph135222  |z Česko  |2 czenas 
650 0 9 |a painters  |z Czechia  |y 19th-21st centuries  |2 eczenas 
650 0 9 |a Czech painting  |y 19th-21st centuries  |2 eczenas 
650 0 9 |a modern painting  |z Czechia  |2 eczenas 
650 0 9 |a art galleries  |z Czechia  |2 eczenas 
650 0 9 |a art collections  |z Czechia  |2 eczenas 
651 7 |a Jičín (Česko)  |7 ge129490  |2 czenas 
651 9 |a Jičín (Czechia)  |2 eczenas 
655 7 |a katalogy  |7 fd132535  |2 czenas 
655 7 |a medailony  |7 fd185951  |2 czenas 
655 9 |a catalogs  |2 eczenas 
655 9 |a biographical portraits  |2 eczenas 
700 1 |a Sloupová, Andrea  |4 aut 
700 1 |a Košíček, Jan  |4 pht 
700 1 |a Mlázovský, Jan  |4 pht 
710 2 |a Regionální muzeum a galerie (Jičín, Česko)  |7 kn20050405009  |4 aut  |4 isb 
910 2 |a BOA001  |b 2-1380.959 
928 9 |a Regionální muzeum a galerie v Jičíně 
990 |a BK 
995 |a 11 
991 |b 201702  |c NOV 
996 6 |b 2610695694  |c 2-1380.959  |l MZK  |r Sklad / do 1 hodiny  |n 0  |p p.v.  |w 001597584  |u 000010  |a 1  |e BOA001  |j MZK50  |s P